000 01248nac a22004097a 4500
001 BR9000828
003 BR-BrBNA
005 20240105121030.0
008 230509b bl.|||m| |||| 00| 0 por d
040 _aBR-BrBNA
_bpor
_cBiblioteca Nacional de Agricultura
072 _aE70; E71; J11
090 _a1122 BR9000828
100 1 _aAlmeida, L.A.S.B. de
100 1 _aBleinroth, E.W.
100 1 _aMoretti, V.A.
100 1 _aBicudo Neto, L. de C.
100 1 _aRivelli, P.B.
110 1 _aInstituto de Tecnologia de Alimentos, Campinas, SP (Brasil)
245 1 _aComercializacao de frutas tropicais
260 3 _aCampinas, SP (Brasil):
_c1987.
300 _a106 p.
490 _aEstudos Economicos. Alimentos Processados - Instituto de Tecnologia de Alimentos (Brazil)
_vNo. 25
_xISSN 0100-4964
500 _a13 illus.; 12 tables; Summaries (En,Pt); 35 ref.
650 _aMAMAO
650 _aMANGA
650 _aMARACUJA
650 _aBANANA
650 _aABACAXI
650 _aPOS-COLHEITA
650 _aPERDA DA PRODUCAO
650 _aESTATISTICA DE PRODUCAO
650 _aTRANSPORTE
650 _aEXPORTACAO
650 _aSAO PAULO
909 _a202312
_bLúcia Elande
_c55
_dLúcia Elande
942 _2AGRIS
_n0
_cMS
999 _c282889
_d282889